[Event "Oceania zt"]
[Site "Cammeray"]
[Date "2015.07.07"]
[Round "5"]
[White "Yang, Ray"]
[Black "Renzies, Elliott"]
[Result "1-0"]
[WhiteElo "1870"]
[BlackElo "1539"]
[PlyCount "81"]
[EventDate "2015.07.04"]
[EventType "swiss"]
[EventRounds "9"]
[EventCountry "AUS"]
[SourceTitle "CBM 167 Extra"]
[Source "ChessBase"]
[SourceDate "2015.09.14"]
[SourceVersion "1"]
[SourceVersionDate "2015.09.14"]
[SourceQuality "1"]

1. d4 Nf6 2. c4 c5 3. d5 e6 4. Nc3 exd5 5. cxd5 d6 6. e4 Be7 7. Bd3 a6 8. a4 Nbd7 9. Nf3 0-0 10. 0-0 Qc7 11. h3 Re8 12. Re1 Bf8 13. Bf4 Ne5 14. Nxe5 dxe5 15. Be3 Bd7 16. Qe2 Rac8 17. b3 Red8 18. Rec1 Ne8 19. Na2 Qd6 20. Rc2 Qg6 21. f4 f5 22. fxe5 fxe4 23. Bc4 Bxh3 24. a5 Bg4 25. Qf2 Nc7 26. Nc3 Re8 27. e6 Bd6 28. Qh4 Be7 29. Qg3 Qh5 30. Bf4 Nb5 31. Nxb5 axb5 32. Bxb5 Bf6 33. Bxe8 Rxe8 34. Rf1 Bd4+ 35. Be3 Bxe3+ 36. Qxe3 Qxd5 37. Qxc5 Qxb3 38. Rcf2 h6 39. Rf8+ Rxf8 40. Qxf8+ Kh7 41. e7 1-0

[Event "AUS-ch Minor"]
[Site "Cammeray"]
[Date "2013.01.02"]
[Round "1"]
[White "Renzies, Elliott"]
[Black "Ball, Christopher"]
[Result "0-1"]
[WhiteElo "1378"]
[BlackElo "1577"]
[PlyCount "90"]
[EventDate "2013.01.02"]
[EventType "swiss"]
[EventRounds "11"]
[EventCountry "AUS"]
[SourceTitle "EXT 2022"]
[Source "ChessBase"]
[SourceDate "2021.10.06"]
[SourceVersion "1"]
[SourceVersionDate "2021.10.06"]
[SourceQuality "1"]

1. e4 e6 2. Nc3 d5 3. Nf3 Nf6 4. e5 Nfd7 5. d4 c5 6. Be3 Nc6 7. Be2 Be7 8. 0-0 0-0 9. Qd2 cxd4 10. Bxd4 a6 11. a3 Qc7 12. Qe3 Nxd4 13. Qxd4 Bc5 14. Qf4 f6 15. Qh4 Nxe5 16. Rad1 Bd7 17. Rfe1 Ng6 18. Qg4 Qb6 19. Nd4 Qxb2 20. Nxd5 Ne5 21. Qe4 Bxd4 22. Ne7+ Kf7 23. Rxd4 Kxe7 24. Rb4 Qc3 25. Reb1 b5 26. Qxh7 Rf7 27. Qh5 Rc8 28. g4 Qxc2 29. g5 Qg6 30. Qxg6 Nxg6 31. Bh5 Nf4 32. Rxf4 Rff8 33. gxf6+ gxf6 34. Rg4 Rg8 35. Rxg8 Rxg8+ 36. Kf1 Rh8 37. Bf3 Rxh2 38. Rc1 Rh4 39. Rc7 Kd8 40. Ra7 Ra4 41. Ra8+ Ke7 42. Ra7 Kd6 43. Bb7 Rxa3 44. Rxa6+ Rxa6 45. Bxa6 Kc6 0-1

[Event "Queenstown op"]
[Site "Queenstown"]
[Date "2012.01.22"]
[Round "8"]
[White "Renzies, Elliott"]
[Black "Cooper, Nigel"]
[Result "0-1"]
[WhiteElo "1668"]
[BlackElo "1802"]
[PlyCount "38"]
[EventDate "2012.01.15"]
[EventType "swiss"]
[EventRounds "9"]
[EventCountry "NZL"]
[SourceTitle "CBM 146 Extra"]
[Source "ChessBase"]
[SourceDate "2012.02.29"]
[SourceVersion "1"]
[SourceVersionDate "2012.02.29"]
[SourceQuality "1"]

1. e4 e6 2. Nc3 d5 3. Nf3 d4 4. Nb5 c5 5. Be2 Nc6 6. 0-0 Nf6 7. d3 a6 8. Na3 b5 9. Bg5 Be7 10. Ne1 0-0 11. f4 Bb7 12. g4 Re8 13. Ng2 Nd7 14. h4 f6 15. Qe1 fxg5 16. hxg5 e5 17. Qh4 exf4 18. Qh3 Bxg5 19. Kf2 Re6 0-1

[Event "AUS-ch Minor"]
[Site "Cammeray"]
[Date "2011.01.13"]
[Round "11"]
[White "Patterson, Mark"]
[Black "Renzies, Elliott"]
[Result "1-0"]
[WhiteElo "1352"]
[BlackElo "1298"]
[PlyCount "47"]
[EventDate "2011.01.02"]
[EventType "swiss"]
[EventRounds "11"]
[EventCountry "AUS"]
[SourceTitle "EXT 2012"]
[Source "ChessBase"]
[SourceDate "2011.11.24"]
[SourceVersion "1"]
[SourceVersionDate "2011.11.24"]
[SourceQuality "1"]

1. d4 Nf6 2. c4 e5 3. dxe5 Ng4 4. Bf4 Nc6 5. e3 Ngxe5 6. Be2 Bb4+ 7. Nd2 d5 8. a3 Bxd2+ 9. Qxd2 Be6 10. c5 0-0 11. Bb5 a6 12. Ba4 Nc4 13. Qc3 Re8 14. Ne2 Bd7 15. Bxc6 Bxc6 16. b3 d4 17. Nxd4 Bxg2 18. Rg1 Nxe3 19. Bxe3 Qd5 20. 0-0-0 Rad8 21. Nc2 Qf3 22. Rxd8 Rxd8 23. Nd4 g6 24. Nxf3 1-0

[Event "AUS-ch Minor"]
[Site "Cammeray"]
[Date "2011.01.06"]
[Round "5"]
[White "Renzies, Elliott"]
[Black "Beahan, Patrick"]
[Result "0-1"]
[WhiteElo "1298"]
[BlackElo "1384"]
[PlyCount "82"]
[EventDate "2011.01.02"]
[EventType "swiss"]
[EventRounds "11"]
[EventCountry "AUS"]
[SourceTitle "EXT 2012"]
[Source "ChessBase"]
[SourceDate "2011.11.24"]
[SourceVersion "1"]
[SourceVersionDate "2011.11.24"]
[SourceQuality "1"]

1. e4 c5 2. Nc3 e6 3. f4 Nc6 4. Nf3 d5 5. exd5 exd5 6. Bb5 Nf6 7. d3 Be7 8. 0-0 0-0 9. Bxc6 bxc6 10. h3 Qc7 11. Re1 Bd6 12. Ne2 Re8 13. Ne5 Bxe5 14. fxe5 Qxe5 15. Bf4 Qxb2 16. Qd2 Qb7 17. Rf1 Be6 18. Be5 Nd7 19. Bd6 d4 20. Qg5 Bd5 21. Nf4 h6 22. Qg3 Re3 23. Qh4 Qc8 24. Nh5 Re2 25. Nf4 Re3 26. Rf2 Qd8 27. Qxd8+ Rxd8 28. Nxd5 cxd5 29. Raf1 f6 30. Rf5 Re2 31. Rxd5 Nb6 32. Rxc5 Rxd6 33. Ra5 Rd7 34. Rc5 Nd5 35. Rc1 Ne3 36. g4 Rg2+ 37. Kh1 Rg3 38. Kh2 Rg2+ 39. Kh1 Rd2 40. c4 Nd1 41. Rf5 Nf2+ 0-1

[Event "Doeberl Cup Minor 47th"]
[Site "Canberra"]
[Date "2009.04.12"]
[Round "5"]
[White "Bishop, Joshua"]
[Black "Renzies, Elliott"]
[Result "1-0"]
[WhiteElo "1093"]
[BlackElo "1405"]
[PlyCount "47"]
[EventDate "2009.04.10"]
[EventType "swiss"]
[EventRounds "6"]
[EventCountry "AUS"]
[SourceTitle "CBM 129 Extra"]
[Source "ChessBase"]
[SourceDate "2009.05.05"]
[SourceVersion "2"]
[SourceVersionDate "2009.05.20"]
[SourceQuality "1"]

1. e4 e5 2. Nf3 Nf6 3. Nc3 Nc6 4. d4 exd4 5. Nxd4 Bc5 6. Be3 Qe7 7. Nf5 Qf8 8. Bxc5 Qxc5 9. Nxg7+ Kf8 10. Nf5 Nxe4 11. Nxe4 Qxf5 12. Bd3 d6 13. Qd2 Qe5 14. 0-0-0 Qa5 15. Qh6+ Ke8 16. Rhe1 Be6 17. Qg7 Ke7 18. Ng5 Ne5 19. Nxe6 Kxe6 20. Bc4+ Kd7 21. Rxe5 Qb4 22. Qxf7+ Kc6 23. Qd5+ Kb6 24. Qd4+ 1-0

[Event "Box Hill Autumn Cup"]
[Site "Box Hill"]
[Date "2005.02.18"]
[Round "3"]
[White "Renzies, Elliott"]
[Black "Feng, Kingsley"]
[Result "1-0"]
[WhiteElo "1431"]
[BlackElo "1413"]
[PlyCount "93"]
[EventDate "2005.02.04"]
[EventType "swiss"]
[EventRounds "4"]
[EventCountry "AUS"]
[SourceTitle "EXT 2010"]
[Source "ChessBase"]
[SourceDate "2010.11.25"]
[SourceVersion "1"]
[SourceVersionDate "2010.11.25"]
[SourceQuality "1"]

1. Nf3 Nf6 2. g3 d5 3. c4 e6 4. Bg2 Nbd7 5. Qc2 Be7 6. 0-0 0-0 7. d3 c6 8. Bf4 Re8 9. Nc3 Bf8 10. cxd5 exd5 11. Rad1 Nc5 12. e4 Ne6 13. Be5 Bd6 14. Bxd6 Qxd6 15. e5 Qd8 16. exf6 Qxf6 17. Rfe1 Bd7 18. d4 Rad8 19. Re3 h5 20. Qd2 g6 21. Rde1 Kg7 22. Ne5 Bc8 23. Rf3 Qe7 24. Rxf7+ Qxf7 25. Nxf7 Kxf7 26. Bh3 Kg7 27. Bxe6 Rxe6 28. Rxe6 Bxe6 29. Qg5 Re8 30. Qe5+ Kg8 31. f4 Kf7 32. Na4 Bg4 33. Qc7+ Re7 34. Qa5 a6 35. Nc3 Re3 36. Kf2 Rf3+ 37. Kg2 Re3 38. h3 Bf5 39. Kf2 Re7 40. h4 Bg4 41. Qd8 Re8 42. Qg5 Re6 43. Nxd5 Re2+ 44. Kf1 cxd5 45. Qxd5+ Kf8 46. Qxb7 Rd2 47. Qb4+ 1-0

[Event "Box Hill Autumn Cup"]
[Site "Box Hill"]
[Date "2005.02.04"]
[Round "1"]
[White "Renzies, Elliott"]
[Black "Vijayakumar, Rukman"]
[Result "1/2-1/2"]
[WhiteElo "1431"]
[BlackElo "1768"]
[PlyCount "79"]
[EventDate "2005.02.04"]
[EventType "swiss"]
[EventRounds "4"]
[EventCountry "AUS"]
[SourceTitle "EXT 2010"]
[Source "ChessBase"]
[SourceDate "2010.11.25"]
[SourceVersion "1"]
[SourceVersionDate "2010.11.25"]
[SourceQuality "1"]

1. Nf3 d5 2. c4 d4 3. d3 c5 4. g3 Nc6 5. Bg2 e5 6. 0-0 Bd6 7. e4 f5 8. Bg5 Nf6 9. exf5 Bxf5 10. Nh4 Be6 11. Nd2 Qd7 12. Bxf6 gxf6 13. Ne4 Be7 14. Qh5+ Bf7 15. Qf5 Qxf5 16. Nxf5 Kd7 17. Nxe7 Kxe7 18. Nxc5 Rab8 19. a3 Bg6 20. f4 Rhc8 21. f5 Bf7 22. b4 a5 23. b5 Nd8 24. Ne4 b6 25. Rfe1 Nb7 26. Rab1 Nc5 27. Nxc5 Rxc5 28. Re4 Rbc8 29. Bf1 Rg8 30. Rbe1 Kd6 31. g4 Be8 32. Be2 Bd7 33. Kf2 Bc8 34. Bf3 Rc7 35. R4e2 h5 36. h3 Rh7 37. Rg1 Rhg7 38. Bd5 Rh8 39. Bf3 Rhg8 40. Bd5 1/2-1/2